00841cam a2200145Ia 4500020001500000040002600015245004900041300005100090500041700141650002900558650001700587650001500604650001500619710006100634 a9251049114 cFQG UNL 2003 C101 Or.00aUnlocking the water potential of agriculture aviii, 62 pages :bcolor illustrations ;c30 cm a"On the occasion of the third World Water Forum (WWF-3), being held in Kyoto, Japan, from 16 to 23 March 2003, the Food and Agriculture Organization of the United Nations (FAO) presented an overview of the priority issues facing the agricultural decision-makers of the world in the field of agricultural water development and their implications for the management of water resources in a wider context"--Foreword 0aWater quality management 0aWater-supply 0aIrrigation 0aSanitation2 aFood and Agriculture Organization of the United Nations.